00787nam a2200205 i 450000100060000000300090000600500170001500700030003200800410003508000150007610000460009124500750013726000350021230000330024753000340028065100370031485200270035185600850037885601180046320844ES-MaACL20250708063319.0t|021119e1858 xxk ||||1| eng d a914.60"18"1 aAdolphus, John Leycester,d1795-1862eaut10aLetters from Spain :bin 1856 and 1857 / cby John Leycester Adolphus. aLondon : bJohn Murray, c1858 aXV, 409 páginas ; c21 cm. aDisponible en formato digital 4aEspaña-xDescripción-yS.XIX aES-MaACLjG-9601cSPP3 uhttp://hdl.handle.net/10357/66341yVersión en líneaz(Memoria Digital Vasca) uhttps://archive.org/details/lettersfromspai00adolgoog/page/n3/mode/2upyVersión en líneaz(Internet Archive)